00886nam a2200217Ia 4500003000900000008004100009040001300050040001300063041000800076100002900084245004200113250001100155260001200166260000900178300001200187490000600199600025300205942000700458999001300465952019000478IT-RoPAU120407s9999 xx 000 0 und d aIT-RoPAU cIT-RoPAU aita aSimeone il Nuovo Teologo aHimnes. (Testo greco-francese) aParis  aDu Cerf c1969 c19,5 cm v1 a"t. 1° 1-15 301 p. ( Sources C. 156) t. 2° 16-40 499 p. “ 174 t. 3° 41-58 402 p “ 196. " cBK c107d107 00102ddc406276_800000000000000_315671aPAULUSbPAULUSd2012-04-11l0o276.8.3156r2012-04-11 00:00:00w2012-04-11yBKzInserito da: In data: n.d. fondo: Via A.Severo 56 Progr:10408